000 00517nam a22001697a 4500
003 CEME
005 20210628203155.0
008 210223b xxu||||| |||| 00| 0 eng d
040 _c.
082 _a297.1227 MAA
100 _aMaulana Mufti Muhammad Shafi, Shafi, Maulana Mufti Muhammad
_963761
245 _aMa'ariful quran, a comprehensive commentary on the holy quran
260 _aKARACHI
_bMAKTABA-E-DARUL-ULOOM
_c2002
300 _a5VOLS
650 _a ISLAM-TAFSEER-MA'ARIFUL QURAN
_963762
942 _cBK
_2ddc
999 _c572483
_d572483